| 000 | 00595nam a22001577a 4500 | ||
|---|---|---|---|
| 005 | 20260511112517.0 | ||
| 008 | 260511b |||||||| |||| 00| 0 eng d | ||
| 050 |
_aTHE HG 2491 .O54 2006 _bC.1 |
||
| 100 | _aOneya, Shianda Doris | ||
| 245 | _aAn Analysis of the Impact of Non-performing Loans on the Financial Performance of Commercial Banks in Kenya | ||
| 260 |
_aKisii _bKisii University _c2006 |
||
| 300 | _aviii, 33p. | ||
| 500 | _aIncludes bibliographical references | ||
| 650 | _a1. Non-performing loans - Kenya. 2. Financial performance - Commercial banks - Kenya. | ||
| 942 |
_2lcc _cREF |
||
| 999 |
_c217104 _d217104 |
||